市制町村制施行直前地名の固有文字から市町村名 - Statistics

General Stats
  • This quiz has been taken 43 times
    42 since last reset
  • The average score is 32 of 410
Answer Stats
施行後(道府県) 施行後(郡) 施行後(市町村) 文字 市町村名 接尾 必要文字数 % Correct
北海道 釧路郡 ??町 釧路村 2
81%
北海道 宗谷郡 ??村 稚内村 2
78%
北海道 上川郡 ??村 美瑛村 2
75%
北海道 紗那郡 ??村 紗那村 2
72%
北海道 河西郡 ??村 芽室村 2
69%
北海道 勇払郡 ??村 鵡川村 2
69%
北海道 紋別郡 ??村 湧別村 2
67%
北海道 有珠郡 ??村 壮瞥村 2
67%
北海道 雨竜郡 ??村 一已村 2
64%
宮城県 黒川郡 ??村 大衡村 2
56%
北海道 歌棄郡 ??村 熱郛村 2
53%
北海道 亀田郡 亀田村 桔梗村 2
53%
北海道 花咲郡 歯舞村 珸 | 瑤 珸瑤瑁村 3
50%
青森県 西津軽郡 大戸瀬村 驫木村 2
50%
新潟県 岩船郡 大須戸村 萄 | 葡 葡萄村 2
50%
福岡県 御笠郡 ???村 太宰府村 3
50%
神奈川県 三浦郡 田越村 逗子村 2
47%
北海道 古平郡 古平町 歌棄村 2
44%
石川県 羽咋郡 ??町 羽咋町 2
44%
福岡県 早良郡 姪ノ浜村 姪浜村 2
44%
北海道 上川郡 ??村 當麻村 2
42%
北海道 中川郡/河東郡 凋寒村/音更村 十弗村 2
42%
北海道 有珠郡 伊達村 稀府村 2
42%
長野県 下伊那郡 ??村 喬木村 2
42%
宮城県 名取郡 東多賀村 閖上浜 浜(村) 2
39%
京都府 与謝郡 ??村 与謝村 2
39%
青森県 西津軽郡 深浦村 艫作村 2
36%
神奈川県 三浦郡 横須賀町 逸見村 2
36%
北海道 足寄郡 ??村 淕別村 2
33%
山梨県 南巨摩郡 ??村 鰍沢村 2
33%
静岡県 有渡郡 有度村 草薙村 2
31%
熊本県 熊本市 蔚山町 2
31%
岡山県 邑久郡 ??村 牛窓村 2
28%
北海道 釧路郡 昆布森村 仙鳳趾村 3
25%
北海道 足寄郡 足寄村 螺湾村 2
25%
千葉県 東葛飾郡 流山町 鰭ヶ崎村 3
25%
京都府 京都市 轆 | 轤 轆轤町 2
25%
島根県 美濃郡 ??上村 匹見村 2
25%
高知県 土佐郡 一宮村 薊野村 2
25%
福岡県 田川郡 ???村 採銅所村 3
25%
北海道 河西郡 ??村 幸震村 2
22%
北海道 積丹郡 ??村 入舸村 2
22%
福島県 行方郡 ??村 大甕村 2
22%
京都府 紀伊郡 伏見町 伏見伯耆町 2
22%
島根県 神門郡 遙堪村 堪 | 遥 遥堪村 2
22%
福岡県 鞍手郡 頓野村 感田村 2
22%
北海道 標津郡 標津村 薫別村 2
19%
宮城県 遠田郡 箟岳村 篦岳村 2
19%
山形県 東村山郡 ??村 高擶村 2
19%
栃木県 下都賀郡 家中村 合戦場宿 宿(村) 3
19%
三重県 津市 (津興村ノ内)阿漕町 2
19%
京都府 宇治郡 山科村 椥辻村 2
19%
和歌山県 西牟婁郡 ???村 周参見浦 浦(村) 3
19%
高知県 高岡郡 西津野村 梼原村 2
19%
北海道 河西郡 芽室村 美蔓村 2
17%
北海道 三石郡 三石村 鳧舞村 2
17%
千葉県 千葉郡 ??村 犢橋村 2
17%
千葉県 東葛飾郡 ???村 豊四季村 3
17%
京都府 京都市 猩々町 2
17%
兵庫県 飾西郡 曽左村 書写村 2
17%
広島県 広島市 猿猴橋町 3
17%
北海道 河西郡 ??村 売買村 2
14%
北海道 古宇郡 神恵内村 珊内村 2
14%
北海道 網走郡 藻琴村 濤沸村 2
14%
北海道 有珠郡 ???村 徳舜瞥村 3
14%
群馬県 東群馬郡 上川淵村 橳島村 2
14%
奈良県 山辺郡 二階堂村 前裁村 2
14%
島根県 那賀郡 川波村 敬川村 2
14%
北海道 中川郡 ??村 凋寒村 2
11%
北海道 中川郡 幕別村 咾別村 2
11%
北海道 網走郡 美幌村 活汲村 2
11%
北海道 余市郡 余市町 畚部村 2
11%
青森県 上北郡 六ヶ所村 鷹架村 2
11%
岩手県 東閉伊郡 田老村 摂待村 2
11%
静岡県 庵原郡 興津町 薩陲村 2
11%
大阪府 交野郡 牧野村 禁野村 2
11%
兵庫県 赤穂郡 塩屋村 鷆和村 2
11%
高知県 幡多郡 七郷村 浮鞭村 2
11%
北海道 静内郡 静内村 捫別村 2
8%
北海道 中川郡 本別村 侶 | 嫌 嫌侶村 2
8%
北海道 標津郡 標津村 崎無異村 3
8%
宮城県 仙台市 椌木通 通(町) 2
8%
山形県 米沢市 米沢御廟町 2
8%
山形県 東村山郡 相模村 要害村 2
8%
新潟県 古志郡 長岡本町 長岡稽古町 2
8%
福井県 大野郡 富田村 下唯野村 3
8%
岐阜県 土岐郡 余戸村 大湫村 2
8%
愛知県 海西郡 弥富村 鯏浦村 2
8%
三重県 度会郡 鵜倉村 慥柄浦 浦(村) 2
8%
大阪府 讃良郡 甲可村 蔀屋村 2
8%
兵庫県 神戸市 神戸再度筋 筋(町) 2
8%
兵庫県 美嚢郡 口吉川村 桾原村 2
8%
広島県 芦田郡 ??村 行縢村 2
8%
山口県 都濃郡 太華村 粭島 (村) 2
8%
愛媛県 松山市 松山矢矧町 2
8%
愛媛県 北宇和郡 ??村 蔣淵浦 浦(村) 2
8%
福岡県 御笠郡 山口村 俗明院村 3
8%
福岡県 三潴郡 大莞村 大薮村 2
8%
鹿児島県 肝属郡 ???村 大姶良村 3
8%
北海道 網走郡 美幌村 禽 | 翻 翻木禽村 3
6%
北海道 檜山郡 厚沢部村 俄虫村 2
6%
秋田県 南秋田郡 上井河村 葹田村 2
6%
栃木県 塩谷郡 箒根村 接骨木村 3
6%
埼玉県 比企郡 野本村 古凍村 2
6%
埼玉県 北葛飾郡 彦成村 釆女新田 新田(村) 2
6%
神奈川県 足柄上郡 福沢村 壗下村 2
6%
新潟県 古志郡 北谷村 明晶村 2
6%
新潟県 中頸城郡 寺野村 機織村 2
6%
新潟県 北魚沼郡 ??村 薭生村 2
6%
富山県 上新川郡 西加積村 魚躬村 2
6%
富山県 婦負郡 杉原村 滅鬼村 2
6%
石川県 鹿島郡 東島村 鰀目村 2
6%
石川県 珠洲郡 大崎村 馬緤村 2
6%
山梨県 東八代郡 ??村 石廩村 2
6%
長野県 下伊那郡 下條村 陽皐村 2
6%
長野県 上伊那郡 美和村 非持村 2
6%
長野県 上伊那郡 ??村 美篶村 2
6%
長野県 埴科郡 埴生村 寂蒔村 2
6%
岐阜県 厚見郡 ??村 茜部村 2
6%
静岡県 長上郡 ??村 万斛村 2
6%
愛知県 海東郡 益和村 莪原村 2
6%
愛知県 宝飯郡 御津村 泙野村 2
6%
三重県 度会郡 内城田村 鮠川村 2
6%
滋賀県 甲賀郡 大原村 相模村 2
6%
京都府 京都市 皀 | 莢 皀莢町 2
6%
大阪府 大鳥郡 神石村 踞尾村 2
6%
大阪府 南郡 西葛城村 秬谷村 2
6%
兵庫県 七美郡 射添村 柤岡村 2
6%
兵庫県 武庫郡 良元村 伊孑志村 3
6%
和歌山県 日高郡 切目川村 樮川村 2
6%
鳥取県 法美郡 面影村 大杙村 2
6%
島根県 神門郡 川跡村 荻杼村 2
6%
島根県 邑智郡 君谷村 京覧原村 3
6%
岡山県 上道郡 ??村 九蟠村 2
6%
岡山県 赤坂郡 ??村 周匝村 2
6%
広島県 高田郡 甲立村 糘地村 2
6%
山口県 厚狭郡 小野村 棯小野村 3
6%
山口県 豊浦郡 豊西下村 垢田村 2
6%
愛媛県 西宇和郡 三崎村 与侈浦 浦(村) 2
6%
高知県 長岡郡 大篠村 大埆村 2
6%
高知県 幡多郡 佐賀村 拳ノ川村 3
6%
福岡県 遠賀郡 江川村 蜑住村 2
6%
福岡県 上妻郡 上妻村 祈 | 祷 祈祷院村 3
6%
鹿児島県 肝属郡 鹿屋村 祓川村 2
6%
北海道 函館区 鰪澗町 2
3%
北海道 中川郡 凋寒村 蓋派村 2
3%
青森県 三戸郡 田部村 埖渡村 2
3%
宮城県 仙台市 薬鑵小路 小路(町) 2
3%
宮城県 刈田郡 白川村 犬卒都婆村 4
3%
秋田県 南秋田郡 金足村 鳰崎村 2
3%
秋田県 南秋田郡 五里合村 鮪川村 2
3%
山形県 東村山郡 金井村 鮨洗村 2
3%
山形県 北村山郡 尾花沢村 朧気村 2
3%
福島県 行方郡 上真野村 橲原村 2
3%
福島県 田村郡 文珠村 粠田村 2
3%
福島県 南会津郡 舘岩村 熨斗戸村 3
3%
福島県 耶麻郡 吾妻村 蠶養村 2
3%
茨城県 鹿島郡 新宮村 烟田村 2
3%
茨城県 筑波郡 十和村 樛木村 2
3%
埼玉県 新座郡 榑橋村 小槫村 2
3%
埼玉県 比企郡 竹沢村 靱負村 2
3%
新潟県 岩船郡 黒川俣村 大毎村 2
3%
新潟県 岩船郡 七箇谷村 鮖谷村 2
3%
新潟県 雑太郡 三宮村 畉田村 2
3%
新潟県 西蒲原郡 潟南村 赤鏥村 2
3%
石川県 鳳至郡 山田村 爼倉村 2
3%
福井県 大野郡 遅羽村 嵭崎村 2
3%
山梨県 北巨摩郡 ??村 清哲村 2
3%
長野県 更級郡 御幣川村 御弊川村 3
3%
静岡県 佐野郡 原泉村 孕石村 2
3%
愛知県 額田郡 本宿村 鶇巣村 2
3%
愛知県 幡豆郡 平坂村 西小梛新田 新田(村) 3
3%
愛知県 北設楽郡 御殿村 中設楽村 3
3%
三重県 伊賀郡 神戸村 枅川村 2
3%
奈良県 添上郡 五ヶ谷村 虚空蔵村 3
3%
奈良県 平群郡 明治村 椣原村 2
3%
和歌山県 西牟婁郡 富二橋村 鬮野川村 3
3%
和歌山県 東牟婁郡 宇久井村 狗子ノ川村 4
3%
和歌山県 名草郡 西山東村 伊太祁曽村 4
3%
鳥取県 高草郡 豊実村 大桷村 2
3%
島根県 邇摩郡 水上村 白坏村 2
3%
岡山県 勝南郡 湯郷村 金屎村 2
3%
山口県 玖珂郡 麻里布村 装束村 2
3%
福岡県 久留米市 蛍川町 2
3%
福岡県 早良郡 西新町 麁原村 2
3%
福岡県 竹野郡 田主丸町/水分村 殖木村 2
3%
熊本県 下益城郡 杉合村 硴江村 2
3%
熊本県 天草郡 ??村 維和村 2
3%
大分県 下毛郡 大幡村 大悟法村 3
3%
北海道 厚岸郡 厚岸町 奔渡村 2
0%
北海道 三石郡 三石村 姨布村 2
0%
北海道 新冠郡 新冠村 万揃村 2
0%
北海道 静内郡 静内村 碧蘂村 2
0%
北海道 網走郡 藻琴村 娜寄村 2
0%
北海道 網走郡 美幌村 逢媚村 2
0%
北海道 網走郡 網走町 新栗履村 3
0%
北海道 勇払郡 似湾村 累標村 2
0%
青森県 東津軽郡 三厩村 宇銕村 2
0%
青森県 南津軽郡 石川村 乳井村 2
0%
岩手県 西閉伊郡 綾織村 鵢崎村 2
0%
宮城県 仙台市 猿牽丁 丁(町) 2
0%
秋田県 秋田市 秋田楢山笊町 3
0%
秋田県 南秋田郡 面潟村 夜叉袋村 3
0%
秋田県 平鹿郡 横手町 横手野御扶持町 4
0%
秋田県 平鹿郡 十文字村 腕越村 2
0%
秋田県 北秋田郡 真中村 大披村 2
0%
秋田県 由利郡 院内村 田抓村 2
0%
山形県 米沢市 米沢他屋町 2
0%
山形県 西村山郡 東五百川村 送橋村 2
0%
山形県 西村山郡 本郷村 小釿村 2
0%
山形県 東置賜郡 犬川村 高豆蒄村 3
0%
山形県 東置賜郡 赤湯村 俎柳村 2
0%
山形県 東田川郡 黒川村 𣗄 𣗄代村 4
0%
山形県 北村山郡 大倉村 櫤山村 2
0%
福島県 宇多郡 福田村 埒木崎村 3
0%
福島県 岩瀬郡 ??村 桙衝村 2
0%
福島県 大沼郡 中ノ川村 胄中村 2
0%
福島県 東白川郡 豊里村 大拱村 2
0%
福島県 南会津郡 旭田村 澳田村 2
0%
福島県 南会津郡 大川村 耻風村 2
0%
福島県 南会津郡 二川村 高陦村 2
0%
福島県 北会津郡 若松町 融通寺町 3
0%
福島県 耶麻郡 月輪村 壺楊村 2
0%
茨城県 猿島郡 七重村 跿 駒跿村 2
0%
茨城県 河内郡 馴柴村 馴馬村 2
0%
茨城県 久慈郡 宮川村 冥賀村 2
0%
茨城県 行方郡 現原村 捻木村 2
0%
茨城県 行方郡 麻生町 粗毛村 2
0%
茨城県 真壁郡 五所村 棹ヶ島村 3
0%
茨城県 豊田郡 石下村 収納谷村 3
0%
栃木県 塩谷郡 熟田村 狹間田村 3
0%
埼玉県 大里郡 吉見村 冑山村 2
0%
千葉県 朝夷郡 北三原村 磑森村 2
0%
千葉県 長柄郡 南白亀村 剃金村 2
0%
千葉県 天羽郡 湊町 鬼泪山 (村) 3
0%
東京府 東京市 牛込破損町 2
0%
東京府 東京市 雉子町 2
0%
神奈川県(三多摩) 南多摩郡 由井村 小比企村 3
0%
神奈川県 高座郡 御所見村/小出村 打戻村 2
0%
神奈川県 足柄上郡 福沢村 斑目村 2
0%
新潟県 新潟市 艀川岸町 3
0%
新潟県 岩船郡 上保内村 下鍜冶屋村 4
0%
新潟県 雑太郡 相川町 相川石扣町 2
0%
新潟県 西蒲原郡 鎧郷村 天竺堂村 3
0%
新潟県 西蒲原郡 西川村 鱸郷屋村 3
0%
新潟県 西蒲原郡 矢作村 魵穴村 2
0%
新潟県 中頸城郡 高田町 高田刃物鍛冶町 4
0%
富山県 下新川郡 野中村 島迷村 2
0%
富山県 (市部)/射水郡 高岡市/掛開発村 湶分 (村) 2
0%
富山県 射水郡 碁石村 一刎村 2
0%
富山県 上新川郡 早月加積村 栃山囲新村 4
0%
富山県 上新川郡 福沢村 楜ヶ原村 3
0%
富山県 婦負郡 音川村 鶚谷村 2
0%
富山県 婦負郡 保内村 翠尾村 2
0%
富山県 礪波郡 高瀬村 雨潜野村 3
0%
富山県 礪波郡 太美山村/西太美村 嫁兼村 2
0%
石川県 金沢市 玄番町三巡リ (町) 3
0%
石川県 金沢市 上本多町川御亭 (町) 3
0%
石川県 金沢市 三搆 (町) 2
0%
石川県 羽咋郡 上甘田村 犱谷村 2
0%
石川県 河北郡 田近村 鞁筒村 2
0%
石川県 石川郡 下金石町 金石亀齢町 2
0%
石川県 石川郡 犀川村 娚杉村 2
0%
石川県 石川郡 上金石町 金石重胆寺町 3
0%
石川県 石川郡 富樫村 倉ヶ嶽村 3
0%
石川県 能美郡 里川村 盲谷村 2
0%
石川県 鳳至郡 阿岸村 禿 白禿村 2
0%
石川県 鳳至郡 山田村 鮭尾村 2
0%
石川県 鳳至郡 東保村 汁谷村 2
0%
福井県 遠敷郡 小浜町 小浜白鬚町 2
0%
福井県 今立郡 下池田村 尾緩村 2
0%
福井県 足羽郡 上宇坂村 椙谷村 2
0%
福井県 丹生郡 宮崎村 蝉口村 2
0%
福井県 丹生郡 西安居村 恐神村 2
0%
山梨県 東八代郡 ??村 圭林村 2
0%
山梨県 東八代郡 ??村 藤垈村 2
0%
山梨県 北都留郡 ??村 棡原村 2
0%
長野県 下伊那郡 ??村 伍和村 2
0%
長野県 更級郡 ??村 信級村 2
0%
長野県 上水内郡 浅川村 伺去真光寺村 5
0%
岐阜県 安八郡 大垣町 南頬村 2
0%
岐阜県 安八郡 ??村 築捨村 2
0%
岐阜県 多芸郡 ??村 北大墳村 3
0%
岐阜県 方県郡 網代村 雛倉村 2
0%
静岡県 安倍郡 服織村 慈悲尾村 3
0%
静岡県 益津郡 東益津村 策牛村 2
0%
静岡県 君沢郡 川西村 墹ノ上村 3
0%
静岡県 富士郡 上野村 精進川村 3
0%
静岡県 豊田郡 長野村 白拍子村 3
0%
愛知県 名古屋市 春菴横町 3
0%
愛知県 渥美郡 豊橋町 豊橋下モ町 2
0%
愛知県 海西郡 宝地村 桴場新田 新田(村) 2
0%
愛知県 海西郡 両国村 三稲外繰出新田 新田(村) 5
0%
愛知県 額田郡 形埜村 鍛埜村 2
0%
愛知県 丹羽郡 多加森村 吾鬘村 2
0%
愛知県 東春日井郡 玉川村 気噴村 2
0%
愛知県 東春日井郡 春日井村 如意申新田 新田(村) 3
0%
愛知県 幡豆郡 荻原村 餐場村 2
0%
愛知県 北設楽郡 段嶺村 豊邦村 2
0%
三重県 阿拝郡 壬生野村 西之澤村 3
0%
三重県 山田郡 山田村 鳳凰寺村 3
0%
三重県 北牟婁郡 相賀村 便 便ノ山村 3
0%
滋賀県 栗太郡 物部村 焔魔堂村 3
0%
滋賀県 犬上郡 多賀村 敏万寺村 3
0%
滋賀県 滋賀郡 和邇村 和邇中村 3
0%
滋賀県 神崎郡 山上村 杜葉尾村 3
0%
滋賀県 野洲郡 小津村 欲賀村 2
0%
京都府 京都市 勘解由小路町 5
0%
京都府 京都市 金換町 2
0%
京都府 京都市 法皇寺町 3
0%
京都府 京都市 坤高町 2
0%
京都府 京都市 晒屋町 2
0%
京都府 京都市 紹巴町 2
0%
京都府 京都市 卓屋町 2
0%
京都府 京都市 超勝寺門前町 5
0%
京都府 京都市 空也町 2
0%
京都府 京都市 道裕町 2
0%
京都府 京都市 曼陀羅町 3
0%
京都府 京都市 滕屋町 2
0%
京都府 京都市 西盧山寺町 4
0%
京都府 京都市 百萬遍町 3
0%
京都府 京都市 閻魔前町 3
0%
京都府 京都市 饅頭屋町 3
0%
京都府 何鹿郡 奥上林村 故屋岡村 3
0%
京都府 相楽郡 西和束村 撰原村 2
0%
京都府 中郡 ??村 周枳村 2
0%
京都府 中郡 峰山町 峰山不断町 2
0%
京都府 天田郡 下川口村 瘤木村 2
0%
大阪府 茨田郡 大和田村 常称寺村 3
0%
大阪府 住吉郡 敷津村 嬰木新田 新田(村) 2
0%
大阪府 渋川郡 久宝寺村 顕証寺新田 新田(村) 3
0%
兵庫県 加西郡 賀茂村 鎭岩村 2
0%
兵庫県 加東郡 来住村 福甸村 2
0%
兵庫県 気多郡 西気村 万劫村 2
0%
兵庫県 佐用郡 三日月村 春哉村 2
0%
兵庫県 七美郡 一二分村 耀 耀山村 2
0%
兵庫県 飾西郡 荒川村 苫編村 2
0%
兵庫県 多紀郡 八上村 糯ヶ坪村 3
0%
兵庫県 朝来郡 山口村 佐嚢村 2
0%
兵庫県 津名郡 ??村 育波村 2
0%
兵庫県 八部郡 湊村 夢野村 2
0%
兵庫県 美含郡 口佐津村 訓谷村 2
0%
兵庫県 美嚢郡 志染村 窟屋村 2
0%
兵庫県 美嚢郡 中吉川村 貸潮村 2
0%
兵庫県 武庫郡 甲東村 神咒寺村 3
0%
兵庫県 養父郡 八鹿村 舞狂村 2
0%
奈良県 山辺郡 朝和村 三昧田村 3
0%
奈良県 添上郡 大柳生村 忍辱仙村 3
0%
奈良県 添上郡 奈良町 不審ヶ辻子町 5
0%
和歌山県 海部郡 浜中村 鰈川村 2
0%
和歌山県 那賀郡 中野上村 掠木村 2
0%
鳥取県 鳥取市 庖丁人町 3
0%
鳥取県 河村郡 高勢村 笏賀村 2
0%
鳥取県 河村郡 竹田村 曹源寺村 3
0%
鳥取県 会見郡 住吉村 簱ヶ崎村 3
0%
鳥取県 汗入郡 大山村 鈑戸村 2
0%
鳥取県 久米郡 北谷村 悴谷村 2
0%
鳥取県 八橋郡 安田村 箆津村 2
0%
鳥取県 八橋郡 上中山村 退 退休寺村 3
0%
鳥取県 法美郡 国府村 美歎村 2
0%
島根県 鹿足郡 喜時雨村 邑輝村 2
0%
島根県 鹿足郡 木部村/喜時雨村 豊稼村 2
0%
岡山県 賀陽郡 大和村 岨谷村 2
0%
岡山県 久米南条郡 神目村 安ヶ乢村 3
0%
岡山県 児島郡 ??村 胸上村 2
0%
岡山県 小田郡 北川村 甲弩村 2
0%
岡山県 上道郡 高島村 賞田村 2
0%
岡山県 川上郡 東成羽村/手荘村 臘数村 2
0%
岡山県 津高郡 上田村 案田村 2
0%
岡山県 磐梨郡 潟瀬村 肩背村 2
0%
広島県 広島市 鈄屋町 2
0%
広島県 賀茂郡 西志和村 七条椛坂村 4
0%
広島県 三谿郡 萩原村 棗原村 2
0%
広島県 深津郡 川口村 新涯村 2
0%
徳島県 徳島市 籃屋町 2
0%
愛媛県 新居郡 橘村 禎瑞村 2
0%
愛媛県 北宇和郡 清満村 槙川村 2
0%
高知県 吾川郡 名野川村 潰溜村 2
0%
高知県 高岡郡 宇佐村 渭浜村 2
0%
福岡県 久留米市 苧扱川町 3
0%
福岡県 福岡市 簀子町 2
0%
福岡県 三潴郡 三潴村 高三潴村 3
0%
佐賀県 神埼郡 三瀬村 杠山 (村) 2
0%
佐賀県 東松浦郡 値賀村 値賀川内村 4
0%
長崎県 長崎市 爐粕町 2
0%
長崎県 下県郡 仁位村 槍川村 2
0%
長崎県 上県郡 琴村 葦見村 2
0%
長崎県 北松浦郡 ???村 志々伎村 3
0%
長崎県 北松浦郡 ??村 紐差村 2
0%
熊本県 葦北郡 大野村 塩浸村 2
0%
熊本県 下益城郡 杉合村 莎崎村 2
0%
熊本県 下益城郡 豊田村 沈目村 2
0%
熊本県 菊池郡 龍門村 班蛇口村 3
0%
熊本県 玉名郡 花簇村 蜻浦村 2
0%
熊本県 山本郡 桜井村 滴水村 2
0%
大分県 宇佐郡 安心院村 木裳村 2
0%
大分県 宇佐郡 龍王村 西衲村 2
0%
大分県 大野郡 長谷川村 滞迫村 2
0%
大分県 大野郡 南緒方村 大化村 2
0%
大分県 北海部郡 上南津留村 掻懐村 2
0%
鹿児島県 大島郡 焼内村 管鈍村 2
0%
鹿児島県 大島郡 鎮西村 於斉村 2
0%
No matching quizzes found
Score Distribution
Percent of People with Each Score
Percentile by Number Answered
Your Score History
You have not taken this quiz since the last reset